| 000 | 00889nam a22002897a 4500 | ||
|---|---|---|---|
| 003 | URS | ||
| 005 | 20250828100458.0 | ||
| 008 | 170621b xxu||||| |||| 00| 0 eng d | ||
| 020 | _a971-554-068-6 | ||
| 040 |
_aURS _cURS |
||
| 041 | _aeng | ||
| 050 | 0 | 0 |
_aHD2891.85 _b.S65 1989 |
| 100 | 1 |
_aSoriano, Emanuel V. _eauthor |
|
| 245 |
_aBusiness policy in an Asian context : text and cases _cEmanuel V. Soriano, Lee C. Nehrt |
||
| 250 | _a Third edition | ||
| 264 |
_aManila _bSinag - Tala _c©1989 |
||
| 300 |
_a594 pages ; _c22 cm |
||
| 336 |
_2rdacontent _atext |
||
| 337 |
_2rdamedia _aunmediated |
||
| 338 |
_2rdacarrier _avolume |
||
| 650 | _aBusiness planning. | ||
| 650 | _aBusiness planning -- Asia -- Case studies. | ||
| 650 | _aIndustrial management. | ||
| 650 | _a Industrial management -- Asia -- Case studies. | ||
| 700 | 1 |
_aNehrt, Lee C. _eauthor |
|
| 942 |
_cF _2lcc |
||
| 999 |
_c84804 _d84802 |
||